Carta a los profesores de Religión
Gespeichert in:
| Körperschaft: | |
|---|---|
| Format: | Buch |
| Sprache: | Spanisch |
| Veröffentlicht: |
Santiago
Conferencia Episcopal de Chile
1995
|
| Schriftenreihe: | Area de Educación
|
| Schlagworte: | |
| Tags: |
Tag hinzufügen
Keine Tags, Fügen Sie den ersten Tag hinzu!
|
MARC
| LEADER | 00000nam a2200000 a 4500 | ||
|---|---|---|---|
| 001 | UCG3609 | ||
| 003 | CL-VaPUC | ||
| 008 | 100909e19951000CL |||||||||||||||||spa|d | ||
| 082 | 0 | 4 | |a 372.84 |b CON |2 21 |
| 110 | 2 | |a Conferencia Episcopal de Chile |e author |9 552879 | |
| 245 | 1 | 0 | |a Carta a los profesores de Religión |
| 300 | |a 48 p | ||
| 942 | |c BK | ||
| 945 | |d 20100909 00:00:00 |a dcastane | ||
| 260 | |a Santiago |b Conferencia Episcopal de Chile |c 1995 | ||
| 650 | 0 | |a Educación religiosa |9 308312 | |
| 650 | 0 | |a Métodos de enseñanza |9 270413 | |
| 650 | 7 | |a PROFESORES DE RELIGION |2 CL-VaPUC |9 552880 | |
| 583 | |a last modification |c 20170829 04:53:52 |k Rodrigo Vera | ||
| 490 | 0 | |a Area de Educación | |
| 999 | |c 342657 |d 342655 | ||
| 952 | |0 0 |1 0 |4 0 |6 372_840000000000000_CON_1995 |7 0 |8 A |9 439064 |a BIBTEO |b BIBTEO |d 2019-11-22 |i 4705947 |o 372.84 CON 1995 |p 4705947 |r 2025-01-17 |w 2019-11-22 |y BK |k ICR | ||